000 00532nam a22002057a 4500
003 NUST - PNEC
005 20170116181024.0
008 150916b xxu||||| |||| 00| 0 eng d
020 _a9780070634510
020 _a0070634513
040 _cLIBRARY
082 _a621.4022 HOL
100 _96121
_aHolman, J. P.
245 _aHeat transfer (In SI Units)
_cJ.P. Holman
250 _a9th ed.
260 _aNew Delhi:
_bTata McGraw-Hill,
_c2002-2008
300 _a676 p.:
650 _910757
_aHeat transfer
_xME
942 _2ddc
_cBK
999 _c67491
_d67491